نحو التآلف والاتفاق : (رقم التسجيلة. 93372)

تفاصيل مارك
000 -LEADER
fixed length control field 012660am a22003370004500
003 - CONTROL NUMBER IDENTIFIER
control field EG-GiCUC
008 - FIXED-LENGTH DATA ELEMENTS--GENERAL INFORMATION
fixed length control field 070314s1991 ua g 000 0 ara d
017 ## - COPYRIGHT OR LEGAL DEPOSIT NUMBER
Copyright or legal deposit number 3457 / 1991
Assigning agency مصر.دار الكتب
020 ## - INTERNATIONAL STANDARD BOOK NUMBER
International Standard Book Number 9775107253
040 ## - CATALOGING SOURCE
Original cataloging agency EG-GiCUC
Language of cataloging ara
Transcribing agency EG-GiCUC
041 1# - LANGUAGE CODE
Language code of text/sound track or separate title ara
Language code of original eng
050 #4 - LIBRARY OF CONGRESS CALL NUMBER
Classification number BF637
Item number N4F58 1991
092 04 - LOCALLY ASSIGNED DEWEY CALL NUMBER (OCLC)
Classification number 158.2
Item number F5358
Edition number 21
099 ## - LOCAL FREE-TEXT CALL NUMBER (OCLC)
Classification number 04
-- 158.2 F5358
100 1# - MAIN ENTRY--PERSONAL NAME
Personal name فيشر : روجر :
Dates associated with a name 1922-
245 10 - TITLE STATEMENT
Title نحو التآلف والاتفاق :
Remainder of title بناء علاقات ايجابية /
Statement of responsibility, etc. تأليف روجر فيشر : سكوت براون
250 ## - EDITION STATEMENT
Edition statement ط1 العربية
260 ## - PUBLICATION, DISTRIBUTION, ETC.
Place of publication, distribution, etc. القاهرة :
Name of publisher, distributor, etc. الدار الدولية :
Date of publication, distribution, etc. 1991
300 ## - PHYSICAL DESCRIPTION
Extent 275ص ؛
Dimensions 22سم
504 ## - BIBLIOGRAPHY, ETC. NOTE
Bibliography, etc. note يشتمل على ارجاعات ببليوجرافية
546 ## - LANGUAGE NOTE
Language note ترجم عن الاصل : Getting Together : Building A Relationship That Gets to Yes
650 #7 - SUBJECT ADDED ENTRY--TOPICAL TERM
Topical term or geographic name entry element التوفيق
Source of heading or term qrmak
650 #7 - SUBJECT ADDED ENTRY--TOPICAL TERM
Topical term or geographic name entry element العلاقات الانسانية
Source of heading or term qrmak
650 #7 - SUBJECT ADDED ENTRY--TOPICAL TERM
Topical term or geographic name entry element المفاوضات
Source of heading or term qrmak
700 1# - ADDED ENTRY--PERSONAL NAME
Personal name براون : سكوت :
Relator term
700 1# - ADDED ENTRY--PERSONAL NAME
Personal name رضوان : محمد محمود :
Relator term
902 ## - LOCAL DATA ELEMENT B, LDB (RLIN)
No. of Items 1
905 ## - LOCAL DATA ELEMENT E, LDE (RLIN)
Cataloger بلتاجى
Reviser مراجع
905 ## - LOCAL DATA ELEMENT E, LDE (RLIN)
Cataloger جمال
Reviser مدخل
942 ## - ADDED ENTRY ELEMENTS (KOHA)
Source of classification or shelving scheme Dewey Decimal Classification
Koha item type Books
المقتنيات
Source of classification or shelving scheme Not for loan Home library Current library Date acquired Full call number Barcode Date last seen Copy number Koha item type
Dewey Decimal Classification   المكتبة المركزبة الجديدة - جامعة القاهرة قاعة الكتب - الدور الثاني 11.02.2024 158.2 F5358 01000100099662000 22.09.2023 C.1 Books
Cairo University Libraries Portal Implemented & Customized by: Eng. M. Mohamady Contacts: new-lib@cl.cu.edu.eg | cnul@cl.cu.edu.eg
CUCL logo CNUL logo
© All rights reserved — Cairo University Libraries
CUCL logo
Implemented & Customized by: Eng. M. Mohamady Contact: new-lib@cl.cu.edu.eg © All rights reserved — New Central Library
CNUL logo
Implemented & Customized by: Eng. M. Mohamady Contact: cnul@cl.cu.edu.eg © All rights reserved — Cairo National University Library